Oprávnenie štátu obmedziť ľudské práva

Štát ako možný porušovateľ i ochranca ľudských práv. Mocenská nadradenosť štátu. Strata tejto nadradenosti a s tým spojená strata schopnosti byť garantom ľudských práv. Oprávnenie štátu používať málo demokratické prostriedky tam, kde nie je mocensky dominantným subjektom. Nutnosť silnej štátnej moci...

Descripción completa

Guardado en:
Detalles Bibliográficos
Autor principal: Šmihula, Daniel
Formato: Capítulo de libro
Lenguaje:eslovaco
Materias:
Etiquetas: Agregar Etiqueta
Sin Etiquetas, Sea el primero en etiquetar este registro!

MARC

LEADER 00000naa a2200000 4500
001 r047185
005 20230929081415.7
041 0 |a slo 
044 |a SK 
245 1 0 |a Oprávnenie štátu obmedziť ľudské práva  |c Daniel Šmihula 
520 |a Štát ako možný porušovateľ i ochranca ľudských práv. Mocenská nadradenosť štátu. Strata tejto nadradenosti a s tým spojená strata schopnosti byť garantom ľudských práv. Oprávnenie štátu používať málo demokratické prostriedky tam, kde nie je mocensky dominantným subjektom. Nutnosť silnej štátnej moci na zabezpečenie vysokej úrovne ľudských práv. Možnosti pozastavenia účinnosti niektorých článkov medzinárodných zmlúv o ľudských právach a základných slobodách. Preceňovanie významu občianskej spoločnosti a neprimeranosť zjednodušeného antietatizmu. Boj proti organizovanému zločinu. 
610 2 0 |a práva ľudské 
610 2 0 |a ochrana práv občanov 
610 2 0 |a štát 
610 2 0 |a demokracia 
100 1 |a Šmihula, Daniel